书目信息 |
| 题名: |
默克尔传
|
|
| 作者: | 布鲁内利 著 ;杨逸 译 | |
| 分册: | ||
| 出版信息: | 北京 中国大百科全书出版社 2022 |
|
| 页数: | 228页 | |
| 开本: | 23cm | |
| 丛书名: | ||
| 单 册: | ||
| 中图分类: | K835.167=6 , K835.16 | |
| 科图分类: | ||
| 主题词: | 总理--传记--德国--现代 | |
| 电子资源: | ||
| ISBN: | 978-7-5202-1099-7 | |
| 000 | 01168nam0 2200277 450 | |
| 001 | 2247132168 | |
| 005 | 20220922130637.26 | |
| 010 | @a978-7-5202-1099-7@b精装@dCNY68.00 | |
| 100 | @a20220619d2022 em y0chiy0110 ea | |
| 101 | 1 | @achi@cita |
| 102 | @aCN@b110000 | |
| 105 | @aac z 000yb | |
| 200 | 1 | @a默克尔传@e“危机总理”的权力世界@f(意)罗伯特·布鲁内利著@g杨逸译 |
| 205 | @a2版 | |
| 210 | @a北京@c中国大百科全书出版社@d2022 | |
| 215 | @a228页@c照片@d23cm | |
| 330 | @a本书是关于德国女总理默克尔的人生传记。此次作者在第一版的基础上进行了全新修订,增加了近五年来默克尔的主要政治事迹。全书不仅讲述了默克尔从小女孩到德国总理的成长历程,而且深度解读了不断变化的欧洲政治形势,以及默克尔在政治丛林里过招的手段、在历史关键节点上的抉择。作者通过对默克尔的出生、家庭、学业、政治生涯、性格等方面的叙述和分析,逐步揭开默克尔身上的谜底。 | |
| 517 | 1 | @a“危机总理”的权力世界 |
| 600 | 0 | @a默克尔@c(女,Merkel, Angela@f1954~)@x传记 |
| 606 | 0 | @a总理@x传记@y德国@z现代 |
| 690 | @aK835.167=6@v5 | |
| 690 | @aK835.16@v4 | |
| 701 | 0 | @c(意)@a布鲁内利@c(Brunelli, Roberto)@4著 |
| 702 | 0 | @a杨逸@4译 |
| 801 | 0 | @aCN@b91MARC@c20220619 |
| 905 | @aZUCC@dK835.16@e4-2 | |
| 默克尔传:“危机总理”的权力世界/(意)罗伯特·布鲁内利著/杨逸译.-2版.-北京:中国大百科全书出版社,2022 |
| 228页:照片;23cm |
| ISBN 978-7-5202-1099-7(精装):CNY68.00 |
| 本书是关于德国女总理默克尔的人生传记。此次作者在第一版的基础上进行了全新修订,增加了近五年来默克尔的主要政治事迹。全书不仅讲述了默克尔从小女孩到德国总理的成长历程,而且深度解读了不断变化的欧洲政治形势,以及默克尔在政治丛林里过招的手段、在历史关键节点上的抉择。作者通过对默克尔的出生、家庭、学业、政治生涯、性格等方面的叙述和分析,逐步揭开默克尔身上的谜底。 |
| ● |
| 相关链接 |
|
|
|
正题名:默克尔传
索取号:K835.16/4-2
 
预约/预借
| 序号 | 登录号 | 条形码 | 馆藏地/架位号 | 状态 | 备注 |
| 1 | 2000901857 | 2000901857 | 第三书库/ [索取号:K835.16/4-2] | 在馆 | |
| 2 | 2000901858 | 2000901858 | 第三书库/ [索取号:K835.16/4-2] | 在馆 | |
| 3 | 2000901859 | 2000901859 | 第三书库/ [索取号:K835.16/4-2] | 在馆 |